000 00542nam a2200181Ia 4500
005 20250508161822.0
008 008 250505s9999 xx 000 0 eng d
037 _aBooks to be hide in OPAC
040 _aFEDL
_beng
_cFEDL
041 _aeng
_2eng
084 _a370.15, TRO/O
_qFEDL
100 _aTrow William Clark
245 0 _aPsychology in teasing and learning
260 _aNew Delhi, India
_bEurasia Publishing House Pvt.Ltd.
_c1960
300 _axiv,488p.
942 _cHB
_h370.15, TRO/O
999 _c1372446
_d1372446